Statistiken für Animes erraten 01

Klicken Sie hier um das Quiz zu spielen!

Allgemein

  • Dieses Quiz wurde 528 mal gespielt
  • Das Durchschnittsergebnis liegt bei 13 aus 16

Antwortstatistiken

Antwort% Korrekt
Naruto
99%
Demon Slayer
94%
HunterxHunter
92%
Attack on Titan
91%
Sailor Moon
90%
Assassination Classroom
88%
Detektiv Conan
88%
My Hero Academia
85%
Sword Art Online
84%
Fullmetal Alchemist
78%
Haikyuu
76%
Black Butler
74%
Free
74%
Cowboy Bebop
69%
Violet Evergarden
68%
Banana Fish
34%

Verteilung der Resultate

Perzentil nach korrekt beantworteten Fragen

Anzahl Personen mit jedem Resultat

Ihre Resultats-Entwicklung

Sie haben dieses Quiz noch nicht gespielt